| 000 | 01152nam a22002777a 4500 | ||
|---|---|---|---|
| 001 | BD-DhSAU 8914 | ||
| 003 | BD-DhSAU | ||
| 005 | 20181223123303.0 | ||
| 008 | 150612b2007 bg a||||r|||| 000 0 eng d | ||
| 040 | _aBD-DhSAU | ||
| 082 |
_222 _a635 _bF222 |
||
| 100 |
_aFardous, Zinia Tul _eRegistration No. # 06-02156 |
||
| 245 |
_aGrowth and yield of lettuce (lactuca sativa L.) as influenced by nitrogen and mulching / _bMS thesis _cby Zinia Yul Fardous |
||
| 260 |
_aSher-e- Bangla Agricultural University : _bDepartment of Horticulture and Postharvest Technology, _c2007. |
||
| 300 |
_aviii, 75 p. : _bill. , _c30 cm. |
||
| 500 | _aMS thesis of Department of Horticulture and Postharvest Technology, Faculty of Agriculture, Sher-e-Bangla Agricultural University, Dhaka, Bangladesh | ||
| 590 | _ajoy | ||
| 650 | _aHorticulture | ||
| 650 | _aPostharvest Technology | ||
| 650 |
_aLettuce _xGrowth |
||
| 650 | _aLactuca sativa L. | ||
| 700 |
_aAkand, Md. Hassanuzzaman _eSupervisor |
||
| 700 |
_aAmin, Md. Ruhul _eCo-Supervisor |
||
| 856 | _uhttp://archive.saulibrary.edu.bd:8080/xmlui/handle/123456789/1091 | ||
| 942 |
_2ddc _cTHESIS |
||
| 999 |
_c8914 _d8914 |
||